Bundesliga Best Starting XI By Team - Statistics

General Stats
  • This quiz has been taken 1,543 times
    853 since last reset
  • The average score is 51 of 132
Answer Stats
Team Player % Correct
Bayern Munich | Schalke 04 Manuel Neuer
99%
Bayern Munich David Alaba
94%
Bayern Munich Franck Ribéry
92%
Bayern Munich Philipp Lahm
92%
Bayern Munich Thomas Müller
92%
Bayern Munich Mario Mandžukić
90%
Borussia Dortmund Robert Lewandowski
90%
Bayern Munich Jérôme Boateng
89%
Bayern Munich Dante
87%
Bayer Leverkusen | Borussia M'Gladbach Granit Xhaka
87%
Bayer Leverkusen Florian Wirtz
86%
Borussia Dortmund Mats Hummels
86%
Bayern Munich Bastian Schweinsteiger
84%
Bayern Munich Javi Martínez
83%
Bayer Leverkusen Jonathan Tah
83%
Bayer Leverkusen Jeremie Frimpong
82%
Bayer Leverkusen Lukáš Hrádecký
81%
Bayer Leverkusen Victor Boniface
81%
Borussia Dortmund Shinji Kagawa
80%
Bayer Leverkusen Álex Grimaldo
79%
Bayer Leverkusen Edmond Tapsoba
77%
Bayer Leverkusen Exequiel Palacios
75%
Borussia Dortmund Roman Weidenfeller
75%
Wolfsburg Edin Džeko
72%
Borussia Dortmund Neven Subotić
72%
Borussia M'Gladbach Yann Sommer
71%
Stuttgart Serhou Guirassy
70%
Bayern Munich Toni Kroos
70%
RB Leipzig Emil Forsberg
67%
RB Leipzig Yussuf Poulsen
67%
RB Leipzig Timo Werner
66%
Borussia Dortmund Łukasz Piszczek
65%
RB Leipzig Péter Gulácsi
65%
RB Leipzig Willi Orban
65%
RB Leipzig Marcel Sabitzer
64%
Borussia Dortmund Marcel Schmelzer
63%
Borussia Dortmund Jakub Błaszczykowski
62%
Bayer Leverkusen Jonas Hofmann
59%
Borussia Dortmund İlkay Gündoğan
58%
RB Leipzig Naby Keïta
58%
Stuttgart Hiroki Ito
57%
Stuttgart Alexander Nübel
56%
Stuttgart Deniz Undav
55%
Hoffenheim Andrej Kramarić
54%
Bayer Leverkusen Odilon Kossounou
52%
Wolfsburg Grafite
50%
Werder Bremen Frank Baumann
46%
Hoffenheim Oliver Baumann
46%
Stuttgart Waldemar Anton
46%
Stuttgart Chris Führich
43%
Wolfsburg Diego Benaglio
43%
Borussia Dortmund Kevin Großkreutz
43%
Borussia Dortmund Sebastian Kehl
43%
Stuttgart Enzo Millot
42%
Stuttgart Maximilian Mittelstädt
42%
Stuttgart Angelo Stiller
41%
Werder Bremen Aílton
37%
Borussia M'Gladbach | Hertha BSC Raffael
37%
RB Leipzig Marcel Halstenberg
36%
Wolfsburg Andrea Barzagli
30%
Borussia M'Gladbach Oscar Wendt
30%
Hamburg Rafael van der Vaart
29%
Stuttgart Atakan Karazor
28%
Werder Bremen Johan Micoud
26%
Borussia M'Gladbach Christoph Kramer
24%
Hoffenheim Pavel Kadeřábek
24%
Borussia M'Gladbach Fabian Johnson
23%
Wolfsburg Makoto Hasebe
23%
Schalke 04 Halil Altıntop
22%
Werder Bremen Ivan Klasnić
22%
Schalke 04 Rafinha
22%
Wolfsburg Zvjezdan Misimović
22%
Hoffenheim Niklas Süle
21%
Borussia M'Gladbach Patrick Herrmann
21%
RB Leipzig Diego Demme
20%
Stuttgart Jamie Leweling
19%
Hamburg Daniel Van Buyten
18%
Hertha BSC Jaroslav Drobný
18%
Schalke 04 Kevin Kurányi
18%
Wolfsburg Marcel Schäfer
18%
Borussia M'Gladbach Álvaro Domínguez
17%
Borussia M'Gladbach Tony Jantschke
17%
Hoffenheim Sebastian Rudy
16%
Schalke 04 Marcelo Bordon
15%
Hertha BSC Andriy Voronin
14%
Borussia M'Gladbach Max Kruse
13%
Hertha BSC Pál Dárdai
13%
Hamburg Sergej Barbarez
13%
Hertha BSC Arne Friedrich
12%
Schalke 04 Levan Kobiashvili
12%
Hertha BSC Marko Pantelić
12%
Werder Bremen Andreas Reinke
11%
Hamburg David Jarolím
11%
Wolfsburg Josué
11%
Wolfsburg Christian Gentner
10%
Schalke 04 | Werder Bremen Fabian Ernst
10%
Hertha BSC Josip Šimunić
10%
Hoffenheim Kevin Vogt
10%
Schalke 04 | Werder Bremen Mladen Krstajić
10%
Hoffenheim Steven Zuber
10%
Werder Bremen Valérien Ismaël
10%
Hoffenheim Kerem Demirbay
9%
Schalke 04 Lincoln
9%
Hamburg Mehdi Mahdavikia
9%
Werder Bremen Paul Stalteri
9%
Hoffenheim Sandro Wagner
9%
Wolfsburg Sascha Riether
9%
RB Leipzig Stefan Ilsanker
9%
Schalke 04 Darío Rodríguez
8%
Hamburg Guy Demel
8%
RB Leipzig Marvin Compper
8%
Hoffenheim Nadiem Amiri
8%
Hamburg Khalid Boulahrouz
7%
Werder Bremen Krisztián Lisztes
7%
Hamburg Piotr Trochowski
7%
Hamburg Timothée Atouba
7%
Werder Bremen Ümit Davala
7%
Hoffenheim Benjamin Hübner
6%
Borussia M'Gladbach Julian Korb
6%
Hamburg Benjamin Lauth
5%
Hertha BSC Gojko Kačar
5%
Wolfsburg Jan Šimůnek
5%
Schalke 04 Zlatan Bajramović
5%
Hamburg Stefan Wächter
4%
Hertha BSC Maximilian Nicu
2%
Hertha BSC Cícero Santos
1%
Hertha BSC Marc Stein
1%
No matching quizzes found
Score Distribution
Percent of People with Each Score
Percentile by Number Answered
Your Score History
You have not taken this quiz since the last reset